ARRUPE JESUIT UNIVERSITY

CORONAVIRUS -STOP THE SPREAD - CLEAN,DISINFECT,COVER

Politics (Record no. 49297)

MARC details
000 -LEADER
fixed length control field 00575nam a2200229Ia 4500
003 - CONTROL NUMBER IDENTIFIER
control field 0100
008 - FIXED-LENGTH DATA ELEMENTS--GENERAL INFORMATION
fixed length control field 130303s9999 xx 000 0 und d
040 ## - CATALOGING SOURCE
Transcribing agency ARRUPELIB
050 ## - LIBRARY OF CONGRESS CALL NUMBER
Classification number JA73.L31958
300 ## - PHYSICAL DESCRIPTION
Other physical details 19 cm
100 ## - MAIN ENTRY--PERSONAL NAME
Personal name Lasswell, Harold Dwight
245 ## - TITLE STATEMENT
Title Politics
245 ## - TITLE STATEMENT
Remainder of title who gets what, when how.With postscript (1958)
260 ## - PUBLICATION, DISTRIBUTION, ETC. (IMPRINT)
Place of publication, distribution, etc New York
260 ## - PUBLICATION, DISTRIBUTION, ETC. (IMPRINT)
Name of publisher, distributor, etc Meridian Books
260 ## - PUBLICATION, DISTRIBUTION, ETC. (IMPRINT)
-- 1958
300 ## - PHYSICAL DESCRIPTION
Extent 222 p.
440 ## - SERIES STATEMENT/ADDED ENTRY--TITLE
Title Meridian books, M58
650 ## - SUBJECT ADDED ENTRY--TOPICAL TERM
Topical term following geographic name as entry element Shona (African people)--Religion
700 ## - ADDED ENTRY--PERSONAL NAME
Personal name Harold Dwight Lasswell
942 00 - ADDED ENTRY ELEMENTS (KOHA)
Koha issues (borrowed), all copies 2
Holdings
Withdrawn status Lost status Source of classification or shelving scheme Damaged status Not for loan Collection code Home library Current library Shelving location Date acquired Total Checkouts Full call number Barcode Date last seen Date checked out Copy number Price effective from Koha item type
    Library of Congress Classification     Main Collection ARRUPE LIBRARY ARRUPE LIBRARY   04/03/2013 6 JA73.L31958 46003049350 21/06/2018 15/03/2017 1 04/03/2013 Monograph ( Printed materials)

 

Arrupe Library. PO Box MP320 Mt Pleasant, Harare, Zimbabwe
263 242 745411|librarian@aju.ac.zw